000 01030nam a22003495a 4500
001 15658061
003 OSt
005 20140310182858.0
008 090312s2008 ph a f000 0 eng
010 _a 2009316211
020 _a9789718141168
040 _aDLC
_cDLC
041 _aeng
_atgl
042 _alcode
043 _aa-ph---
050 _aPL 5531
_b.D278 2008
082 _aFIL 820.995997
_bD485 2008
245 0 0 _aDavao harvest 2
_cedited by de Ungria, Ricardo M.
246 3 _aDavao harvest two
260 _aIntramuros, Manila
_bNational Commission for Culture and the Arts
_cc2008
300 _axvii, 353 p.
_bill.
_c22 cm.
521 _aCollege Student
526 _c1210L-1700L
541 _j1
546 _aEnglish and Tagalog.
562 _eFor circulation. 1 copy available in the collection
700 1 _aDe Ungria, Ricardo M.
700 1 _aLacambra-Ayala, Tita.
906 _a7
_bibc
_corigode
_d3
_encip
_f20
_gy-gencatlg
942 _2lcc
_cBK
_kFIL
999 _c17063
_d17063